[Event "Abierto Mexicano de Ajedrez 2008"]
[Site "Aguascalientes"]
[Date "2008.03.18"]
[Round "6"]
[White "Perez Avendano, Paul Omar"]
[Black "Villarreal Felix, Jose Felix"]
[Result "1-0"]
[WhiteElo "2139"]
[BlackElo "2340"]
[PlyCount "45"]
[EventDate "2008.03.18"]
[EventType "swiss"]
[EventRounds "9"]
[EventCountry "MEX"]
[Source "lmi"]
[SourceDate "2008.03.18"]

1. d4 d5 2. Nf3 Nf6 3. Bf4 c5 4. e3 e6 5. c3 Nc6 6. Bd3 Qb6 7. b3 Bd7 8. h3 Rc8
9. O-O Be7 10. Re1 Qa5 11. Qe2 O-O 12. Ne5 Be8 13. a3 Nd7 14. Nxc6 bxc6 15.
dxc5 e5 16. b4 Qd8 17. Bh2 f5 18. Ba6 Rc7 19. c4 g5 20. cxd5 cxd5 21. Nc3 Bf7
22. Rad1 Qa8 23. Nxd5 1-0

[Event "Abierto Mexicano de Ajedrez 2008"]
[Site "Aguascalientes"]
[Date "2008.03.18"]
[Round "7"]
[White "Gonzalez Zamora, Juan Carlos"]
[Black "Hernandez Guerrero, Gilberto"]
[Result "1/2-1/2"]
[WhiteElo "2556"]
[BlackElo "2548"]
[PlyCount "95"]
[EventDate "2008.03.18"]
[EventType "swiss"]
[EventRounds "9"]
[EventCountry "MEX"]
[Source "lmi"]
[SourceDate "2008.03.18"]

1. d4 d6 2. Nf3 Nf6 3. c4 g6 4. Nc3 Bg7 5. e4 O-O 6. h3 c5 7. d5 e6 8. Bd3 exd5
9. exd5 Re8+ 10. Be3 Nbd7 11. O-O Nh5 12. Re1 a6 13. Qd2 b6 14. Bg5 f6 15. Be3
f5 16. Bg5 Ndf6 17. a4 Bd7 18. Rxe8+ Qxe8 19. Qc2 Qd8 20. Bd2 Qc7 21. Ng5 Re8
22. Qd1 Qc8 23. a5 bxa5 24. Rxa5 h6 25. Ne6 Bxe6 26. dxe6 Rxe6 27. Qa1 Re7 28.
Rxa6 Qe6 29. Qd1 Kh7 30. b3 Qe5 31. Qe2 Rd7 32. Qf3 d5 33. g4 dxc4 34. bxc4 Nf4
35. Bxf4 Qxc3 36. Rd6 Rxd6 37. Bxd6 Qd4 38. Bf4 fxg4 39. hxg4 Nxg4 40. Bxg6+
Kxg6 41. Qxg4+ Kh7 42. Qf5+ Kh8 43. Qf7 Qd1+ 44. Kg2 Qg4+ 45. Bg3 Qe4+ 46. Kh2
Bd4 47. Qf8+ Kh7 48. Qf7+ 1/2-1/2

[Event "Abierto Mexicano de Ajedrez 2008"]
[Site "Aguascalientes"]
[Date "2008.03.18"]
[Round "7"]
[White "Cordova, Emilio"]
[Black "Nogueiras Santiago, Jesus"]
[Result "1/2-1/2"]
[WhiteElo "2493"]
[BlackElo "2549"]
[PlyCount "55"]
[EventDate "2008.03.18"]
[EventType "swiss"]
[EventRounds "9"]
[EventCountry "MEX"]
[Source "lmi"]
[SourceDate "2008.03.18"]

1. d4 d5 2. Nf3 Nf6 3. c4 c6 4. Nc3 dxc4 5. a4 Bf5 6. e3 e6 7. Bxc4 Bb4 8. O-O
O-O 9. Qe2 Ne4 10. Bd3 Bxc3 11. bxc3 Nxc3 12. Qc2 Bxd3 13. Qxd3 Nd5 14. Rb1 b6
15. Ba3 Re8 16. Rfc1 a5 17. Ne5 Qc7 18. Qc4 c5 19. Nd3 Nd7 20. dxc5 bxc5 21.
Nxc5 Nxc5 22. Qxc5 Qxc5 23. Rxc5 Rec8 24. Rxc8+ Rxc8 25. Rb5 h6 26. h3 Rc4 27.
Rxa5 Nb6 28. Rb5 1/2-1/2

[Event "Abierto Mexicano de Ajedrez 2008"]
[Site "Aguascalientes"]
[Date "2008.03.18"]
[Round "7"]
[White "Borges Mateos, Juan"]
[Black "Hernandez, Yadira"]
[Result "1-0"]
[WhiteElo "2448"]
[BlackElo "2218"]
[PlyCount "76"]
[EventDate "2008.03.18"]
[EventType "swiss"]
[EventRounds "9"]
[EventCountry "MEX"]
[Source "lmi"]
[SourceDate "2008.03.18"]

1. Nf3 Nf6 2. c4 g6 3. b3 Bg7 4. Bb2 O-O 5. g3 c6 6. Bg2 d6 7. d4 Bf5 8. O-O a5
9. Nc3 Ne4 10. Nh4 d5 11. Nxe4 Bxe4 12. f3 Bf5 13. e4 Be6 14. f4 f6 15. f5 Bf7
16. fxg6 hxg6 17. exd5 f5 18. Qd2 cxd5 19. cxd5 Ra6 20. Rae1 Re8 21. Re5 Nc6
22. dxc6 Bxe5 23. Nxf5 Bf6 24. Nh6+ Kg7 25. d5 Rxc6 26. Ng4 Bxb2 27. Qxb2+ Rf6
28. Nxf6 exf6 29. Qd4 Qd6 30. g4 Re5 31. h4 Re2 32. g5 Rxg2+ 33. Kxg2 Bxd5+ 34.
Kf2 Qh2+ 35. Ke1 Qg3+ 36. Kd2 Qg2+ 37. Rf2 Qe4 38. Qxe4 Bxe4 1-0

[Event "Abierto Mexicano de Ajedrez 2008"]
[Site "Aguascalientes"]
[Date "2008.03.18"]
[Round "7"]
[White "Tapie Amione, Pablo Adib"]
[Black "Ibarra Chami, Luis Fernando"]
[Result "0-1"]
[WhiteElo "2179"]
[BlackElo "2364"]
[PlyCount "74"]
[EventDate "2008.03.18"]
[EventType "swiss"]
[EventRounds "9"]
[EventCountry "MEX"]
[Source "lmi"]
[SourceDate "2008.03.18"]

1. e4 c5 2. Nf3 Nc6 3. Bb5 d6 4. O-O Bd7 5. Re1 Nf6 6. c3 a6 7. Bxc6 Bxc6 8. d4
Bxe4 9. Bg5 Bc6 10. Bxf6 gxf6 11. d5 Bd7 12. Nbd2 e5 13. dxe6 Bxe6 14. Qb3 Qd7
15. Ne4 Be7 16. c4 O-O-O 17. Rad1 d5 18. Qc2 Qc6 19. Nc3 dxc4 20. Rxd8+ Bxd8
21. a4 h5 22. Nd2 h4 23. Qe4 Qxe4 24. Ncxe4 Be7 25. f4 Kd7 26. Nc3 Rh5 27. Re4
f5 28. Re2 Bf6 29. Nf3 Rh8 30. Rd2+ Kc7 31. Nd5+ Bxd5 32. Rxd5 Kc6 33. Rd2 b5
34. Kf2 bxa4 35. Rc2 Rb8 36. Rxc4 Rxb2+ 37. Ke3 Kb5 0-1

[Event "Abierto Mexicano de Ajedrez 2008"]
[Site "Aguascalientes"]
[Date "2008.03.18"]
[Round "7"]
[White "Estrada Nieto, Julian"]
[Black "Navarrete Mendez, Gonzalo Albert"]
[Result "1/2-1/2"]
[WhiteElo "2356"]
[BlackElo "2168"]
[PlyCount "65"]
[EventDate "2008.03.18"]
[EventType "swiss"]
[EventRounds "9"]
[EventCountry "MEX"]
[Source "lmi"]
[SourceDate "2008.03.18"]

1. e4 e5 2. Nf3 Nf6 3. Nxe5 d6 4. Nf3 Nxe4 5. Qe2 Qe7 6. d3 Nf6 7. Bg5 Nbd7 8.
Nc3 h6 9. Bd2 c6 10. O-O-O Qxe2 11. Bxe2 Be7 12. Rhe1 O-O 13. Bf1 Bd8 14. Ne4
d5 15. Nd6 Bc7 16. Nxc8 Raxc8 17. g3 Bb6 18. Re2 Rce8 19. Rde1 Rxe2 20. Rxe2
Re8 21. Rxe8+ Nxe8 22. Bh3 Ndf6 23. Be3 Bxe3+ 24. fxe3 Nd6 25. b4 Kf8 26. Kd2
Ke7 27. a4 Nh7 28. Nd4 Ng5 29. Bg2 Ne6 30. Nb3 Kd7 31. Ke2 f5 32. Nd2 Kc7 33.
c4 1/2-1/2

[Event "Abierto Mexicano de Ajedrez 2008"]
[Site "Aguascalientes"]
[Date "2008.03.22"]
[Round "7"]
[White "Mitkov, Nikola"]
[Black "Blanco Fernandez, Alvaro"]
[Result "1-0"]
[WhiteElo "2538"]
[BlackElo "2335"]
[PlyCount "74"]
[EventDate "2008.03.18"]
[EventType "swiss"]
[EventRounds "9"]
[EventCountry "MEX"]
[Source "lmi"]
[SourceDate "2008.03.18"]

1. e4 c5 2. Nc3 e6 3. Nf3 a6 4. d4 cxd4 5. Nxd4 Ne7 6. Bd3 Nbc6 7. Be3 Nxd4 8.
Bxd4 Nc6 9. Be3 Bb4 10. O-O d6 11. Na4 Ba5 12. c4 e5 13. Qb3 Rb8 14. Rfd1 Be6
15. Bf1 Qc7 16. Qd3 Nb4 17. Qe2 b5 18. cxb5 axb5 19. Nc3 Bc4 20. Qg4 O-O 21.
Rac1 Be6 22. Qg3 Qe7 23. Bh6 f6 24. Rxd6 Rf7 25. Rcd1 Bc7 26. R6d2 Nxa2 27.
Nxb5 Ba5 28. Rd6 Nb4 29. Be3 Qe8 30. Na3 Rc7 31. h4 Qe7 32. Nb5 Rc2 33. b3 Rd8
34. Rxd8+ Bxd8 35. Nd6 Rc3 36. Bc4 Nd5 37. Bxd5 Qe8 1-0

[Event "Abierto Mexicano de Ajedrez 2008"]
[Site "Aguascalientes"]
[Date "2008.03.22"]
[Round "7"]
[White "Della Morte, Pablo"]
[Black "Zapata, Alonso"]
[Result "0-1"]
[WhiteElo "2273"]
[BlackElo "2475"]
[PlyCount "78"]
[EventDate "2008.03.18"]
[EventType "swiss"]
[EventRounds "9"]
[EventCountry "MEX"]
[Source "lmi"]
[SourceDate "2008.03.18"]

1. e4 c5 2. Nf3 e6 3. d4 cxd4 4. Nxd4 a6 5. Nc3 Qc7 6. Bd3 Nc6 7. Be3 Nf6 8.
O-O Nxd4 9. Bxd4 Bc5 10. Bxc5 Qxc5 11. Qd2 b5 12. Kh1 Bb7 13. a3 O-O 14. Rae1
e5 15. Qg5 Rfe8 16. Re3 h6 17. Qh4 Qe7 18. f4 Rac8 19. fxe5 Qxe5 20. Rg3 Rxc3
21. bxc3 Nxe4 22. Rgf3 Nd2 23. Rf5 Qxc3 24. Re1 Ne4 25. Rff1 d5 26. Qf4 f6 27.
Bxe4 dxe4 28. Re3 Qe5 29. Qg4 Bc8 30. Qg6 f5 31. c3 Rd8 32. Rfe1 Be6 33. Rh3
Bf7 34. Qxa6 f4 35. Qb6 Rd2 36. Rf3 exf3 37. Rxe5 f2 38. Qxf2 Rxf2 39. Kg1 Rb2
0-1

[Event "Abierto Mexicano de Ajedrez 2008"]
[Site "Aguascalientes"]
[Date "2008.03.22"]
[Round "7"]
[White "Escobedo Tinajero, Alberto"]
[Black "Davalos Prieto, Abel Justo"]
[Result "0-1"]
[WhiteElo "2374"]
[BlackElo "2269"]
[PlyCount "106"]
[EventDate "2008.03.18"]
[EventType "swiss"]
[EventRounds "9"]
[EventCountry "MEX"]
[Source "lmi"]
[SourceDate "2008.03.18"]

1. d4 d5 2. Nf3 Nf6 3. c4 e6 4. e3 Be7 5. Nc3 O-O 6. Bd3 Nbd7 7. O-O c5 8. Qe2
cxd4 9. exd4 dxc4 10. Bxc4 Nb6 11. Bb3 Bd7 12. Ne5 Nbd5 13. Nxd5 Nxd5 14. Qe4
Bc6 15. Nxc6 bxc6 16. Rd1 Bf6 17. g3 g6 18. h4 Bg7 19. h5 Nf6 20. Qxc6 Nxh5 21.
Be3 Nf6 22. Bf4 Rc8 23. Qa6 Qb6 24. Qxb6 axb6 25. Rac1 Rxc1 26. Rxc1 Rd8 27.
Bc7 Rc8 28. Rc2 Nd5 29. Be5 Rxc2 30. Bxc2 Nb4 31. Bb1 Nc6 32. Be4 Nxe5 33. dxe5
Bxe5 34. b3 f5 35. Bc6 g5 36. Be8 Kf8 37. Bh5 Ke7 38. Kg2 Kf6 39. f3 Bd6 40. g4
e5 41. Kf2 Bc5+ 42. Ke2 e4 43. Be8 Ke5 44. Bc6 Kf4 45. gxf5 exf3+ 46. Bxf3 Kxf5
47. Bh5 g4 48. Kf1 Kg5 49. Be8 h5 50. Kg2 h4 51. Bd7 h3+ 52. Kh1 Kh4 53. b4
Bxb4 0-1

[Event "Abierto Mexicano de Ajedrez 2008"]
[Site "Aguascalientes"]
[Date "2008.03.22"]
[Round "7"]
[White "Garmendez Gonzalez, Carlos"]
[Black "Georgiev, Vladimir"]
[Result "0-1"]
[WhiteElo "2231"]
[BlackElo "2581"]
[PlyCount "88"]
[EventDate "2008.03.18"]
[EventType "swiss"]
[EventRounds "9"]
[EventCountry "MEX"]
[Source "lmi"]
[SourceDate "2008.03.18"]

1. e4 c5 2. Nf3 Nc6 3. d4 cxd4 4. Nxd4 Nf6 5. Nxc6 bxc6 6. Bd3 g6 7. b3 Bg7 8.
Bb2 O-O 9. O-O d5 10. exd5 cxd5 11. Be5 Ng4 12. Bxg7 Qd6 13. g3 Kxg7 14. Be2
Nf6 15. Nc3 Bh3 16. Re1 Rac8 17. Nb5 Qb6 18. Qd4 Rc5 19. Na3 e5 20. Qh4 Qe6 21.
f3 h5 22. c4 dxc4 23. Nxc4 e4 24. Qf4 Rf5 25. Qe3 exf3 26. Bxf3 Qc8 27. Kh1 Rd8
28. Rad1 Rxd1 29. Rxd1 Ng4 30. Qd4+ Kh7 31. Nd6 Qc2 32. Rd2 Qb1+ 33. Rd1 Qxa2
34. Rd2 Qxd2 35. Qxd2 Rxf3 36. Qc1 Rf1+ 37. Qxf1 Bxf1 38. Nxf7 Bd3 39. h3 Nf6
40. Nd6 Ne4 41. Nc8 a5 42. Kg2 Nc5 43. Kf3 Bf5 44. Nb6 Bxh3 0-1

[Event "Abierto Mexicano de Ajedrez 2008"]
[Site "Aguascalientes"]
[Date "2008.03.18"]
[Round "8"]
[White "Bruzon Batista, Lazaro"]
[Black "Gonzalez Zamora, Juan Carlos"]
[Result "1-0"]
[WhiteElo "2607"]
[BlackElo "2556"]
[PlyCount "71"]
[EventDate "2008.03.18"]
[EventType "swiss"]
[EventRounds "9"]
[EventCountry "MEX"]
[Source "lmi"]
[SourceDate "2008.03.18"]

1. e4 e5 2. Nf3 Nf6 3. Nxe5 d6 4. Nf3 Nxe4 5. d4 Be7 6. Bd3 Nf6 7. h3 O-O 8.
O-O Nbd7 9. c4 Re8 10. Nc3 Nf8 11. Bf4 c6 12. Bh2 Be6 13. Re1 d5 14. c5 N6d7
15. b4 Bf6 16. Qd2 Ng6 17. b5 Ndf8 18. a4 Nh4 19. Nxh4 Bxh4 20. a5 Bd7 21. Reb1
Ne6 22. a6 bxa6 23. bxc6 Bxc6 24. Rxa6 Nxd4 25. Bf1 Bf6 26. Rb4 Qe7 27. Bd6 Qd7
28. Rxd4 Bxd4 29. Qxd4 Re1 30. Ra3 Rae8 31. Nxd5 Bxd5 32. Qxd5 Qb5 33. Qd3 Qb4
34. Rxa7 h5 35. Kh2 Qb2 36. Qf3 1-0

[Event "Abierto Mexicano de Ajedrez 2008"]
[Site "Aguascalientes"]
[Date "2008.03.18"]
[Round "8"]
[White "Zapata, Alonso"]
[Black "Nogueiras Santiago, Jesus"]
[Result "1/2-1/2"]
[WhiteElo "2475"]
[BlackElo "2549"]
[PlyCount "136"]
[EventDate "2008.03.18"]
[EventType "swiss"]
[EventRounds "9"]
[EventCountry "MEX"]
[Source "lmi"]
[SourceDate "2008.03.18"]

1. e4 Nf6 2. e5 Nd5 3. d4 d6 4. Nf3 dxe5 5. Nxe5 g6 6. Bc4 c6 7. O-O Bg7 8. Nd2
O-O 9. Ndf3 Nd7 10. Nd3 N7b6 11. Bb3 Bg4 12. c3 a5 13. a4 e6 14. h3 Bxf3 15.
Qxf3 Nc8 16. Re1 Nd6 17. Bd2 Qf6 18. Qe2 Rfd8 19. Rad1 Qh4 20. Kh2 Qe7 21. g3
Nf5 22. Nf4 Qd7 23. Qf3 Re8 24. Bc1 Qd8 25. Ba2 h5 26. Nd3 Qc7 27. Kg1 Qd8 28.
Ne5 Qf6 29. h4 Qe7 30. Nd3 Bh6 31. Bxh6 Nxh6 32. Re2 Rad8 33. Rde1 Kg7 34. Nc5
Qc7 35. Bb1 Nf6 36. Nd3 Nhg4 37. Ba2 Re7 38. Qf4 Qxf4 39. Nxf4 Nd5 40. Nd3 Rc7
41. Nc5 b6 42. Ne4 Ngf6 43. Ng5 Nh7 44. Nf3 Nf8 45. Ne5 Nf6 46. Bb3 Nd5 47. Kg2
Nd7 48. Bxd5 exd5 49. Nxf7 Kxf7 50. Re7+ Kg8 51. R1e6 Nf8 52. Rxc7 Nxe6 53.
Rxc6 Kf7 54. Rxb6 Ke7 55. Rb5 Kd6 56. Rxa5 Rb8 57. Rb5 Rxb5 58. axb5 Kc7 59.
Kf3 Kb6 60. Ke3 Kxb5 61. b3 Kc6 62. Kd3 Ng7 63. Ke3 Kd6 64. Kf4 Ne6+ 65. Ke3
Ng7 66. Kf4 Ne6+ 67. Ke3 Ng7 68. Kf4 Ne6+ 1/2-1/2

[Event "Abierto Mexicano de Ajedrez 2008"]
[Site "Aguascalientes"]
[Date "2008.03.18"]
[Round "8"]
[White "Gonzalez Chavez, Emmanuel"]
[Black "Blanco Fernandez, Alvaro"]
[Result "0-1"]
[WhiteElo "2093"]
[BlackElo "2335"]
[PlyCount "160"]
[EventDate "2008.03.18"]
[EventType "swiss"]
[EventRounds "9"]
[EventCountry "MEX"]
[Source "lmi"]
[SourceDate "2008.03.18"]

1. e4 c5 2. Nf3 e6 3. d4 cxd4 4. Nxd4 a6 5. Nc3 Qc7 6. Bd3 Nf6 7. O-O b5 8. a3
Bb7 9. Nb3 d5 10. exd5 Nxd5 11. Nxd5 Bxd5 12. Re1 Be7 13. Qg4 g6 14. Bf4 Bd6
15. Bxd6 Qxd6 16. Rad1 O-O 17. Be4 Nc6 18. Bxd5 exd5 19. Nd4 Nxd4 20. Rxd4 Rfe8
21. Red1 Re5 22. g3 Rd8 23. Qf3 Qe6 24. Kg2 Qd6 25. Kg1 Rf5 26. Qe3 Qf6 27. Kg2
Kg7 28. R1d2 Rd6 29. Rh4 g5 30. Rhd4 h5 31. h3 Qe6 32. Re2 Qxe3 33. Rxe3 Kf6
34. a4 Re5 35. Rf3+ Ke6 36. axb5 axb5 37. Rb3 Re2 38. Rc3 Ke5 39. Rdd3 d4 40.
Rc5+ Rd5 41. Rc7 Ke6 42. Rc6+ Ke7 43. Kf3 Re1 44. Rd2 Rf5+ 45. Kg2 Re4 46. c3
dxc3 47. Rxc3 g4 48. Rc7+ Kf6 49. Rc6+ Kg7 50. Rc3 b4 51. Rcd3 Rfe5 52. hxg4
hxg4 53. b3 Kg6 54. Rd5 f6 55. R5d4 Kf5 56. f3 gxf3+ 57. Kxf3 Re3+ 58. Kg2 Rxb3
59. Rf2+ Kg5 60. Rff4 Re2+ 61. Kh3 Rbb2 62. Rd5+ Re5 63. Rd7 f5 64. Rd1 Ree2
65. Rh1 Re4 66. Rf3 Re6 67. Rf4 Rh6+ 68. Rh4 Rxh4+ 69. gxh4+ Kh5 70. Rf1 Rb3+
71. Kg2 Kg4 72. h5 Rb2+ 73. Kg1 Kg3 74. h6 Rg2+ 75. Kh1 Rh2+ 76. Kg1 Rxh6 77.
Rxf5 Rb6 78. Rf2 b3 79. Rb2 Kf3 80. Kf1 Ke3 0-1

[Event "Abierto Mexicano de Ajedrez 2008"]
[Site "Aguascalientes"]
[Date "2008.03.18"]
[Round "8"]
[White "Gonzalez Arroyo, Lenin"]
[Black "Escobedo Tinajero, Alberto"]
[Result "1-0"]
[WhiteElo "2205"]
[BlackElo "2374"]
[PlyCount "57"]
[EventDate "2008.03.18"]
[EventType "swiss"]
[EventRounds "9"]
[EventCountry "MEX"]
[Source "lmi"]
[SourceDate "2008.03.18"]

1. e4 c6 2. d4 d5 3. Nc3 g6 4. Nf3 Bg4 5. Be2 Bg7 6. Be3 Nf6 7. e5 Nfd7 8. Qd2
Bxf3 9. Bxf3 e6 10. h4 h5 11. Ne2 b5 12. Bg5 Qb6 13. g4 hxg4 14. Bxg4 c5 15.
O-O-O cxd4 16. f4 Nc6 17. h5 gxh5 18. Rxh5 Rxh5 19. Bxh5 Nc5 20. Ng3 Bf8 21.
Kb1 a5 22. f5 Ra7 23. fxe6 Nxe6 24. Nf5 Nxe5 25. Qe2 Nxg5 26. Qxe5+ Ne6 27.
Nxd4 Re7 28. Nf5 Rd7 29. Qf6 1-0

[Event "Abierto Mexicano de Ajedrez 2008"]
[Site "Aguascalientes"]
[Date "2008.03.18"]
[Round "8"]
[White "Perez Avendano, Paul Omar"]
[Black "Estrada Nieto, Julian"]
[Result "0-1"]
[WhiteElo "2139"]
[BlackElo "2356"]
[PlyCount "138"]
[EventDate "2008.03.18"]
[EventType "swiss"]
[EventRounds "9"]
[EventCountry "MEX"]
[Source "lmi"]
[SourceDate "2008.03.18"]

1. d4 d5 2. Nf3 Nf6 3. Bf4 c5 4. e3 Nc6 5. c3 Qb6 6. b3 Bf5 7. Bd3 Bxd3 8. Qxd3
e6 9. Nbd2 cxd4 10. exd4 Be7 11. O-O O-O 12. Bg5 h6 13. Bh4 a5 14. Ne5 Qa6 15.
Qf3 Rad8 16. Rfe1 Rfe8 17. Rad1 b5 18. Nxc6 Qxc6 19. c4 bxc4 20. Nxc4 Rc8 21.
Ne5 Qc3 22. Qe2 Qc2 23. f3 g5 24. Bf2 Bb4 25. Qxc2 Rxc2 26. Rc1 Rec8 27. Rxc2
Rxc2 28. Ra1 Bc3 29. Rb1 Rxf2 30. Kxf2 Bxd4+ 31. Ke2 Bxe5 32. b4 axb4 33. Rxb4
Bxh2 34. a4 Nd7 35. a5 Bc7 36. Rb7 Bxa5 37. Rxd7 h5 38. Ra7 Bb6 39. Rb7 Bd4 40.
Kd3 Be5 41. Ra7 Kg7 42. Rb7 Kg6 43. Re7 h4 44. Ke2 Kf6 45. Ra7 Bd4 46. Rd7 Kg6
47. Kd3 Bc5 48. Rc7 Bd6 49. Rd7 Be5 50. Re7 Bf6 51. Rd7 Bg7 52. Re7 Bf8 53. Re8
Bd6 54. Rd8 Bf4 55. Re8 Kf5 56. Rf8 f6 57. Re8 Ke5 58. Rg8 Bh2 59. Rg6 Kf5 60.
Rh6 e5 61. Rh8 e4+ 62. Ke2 Be5 63. Ra8 exf3+ 64. gxf3 Kf4 65. Kf2 Bd4+ 66. Kg2
Be3 67. Re8 h3+ 68. Kxh3 Kxf3 69. Re6 g4+ 0-1

[Event "Abierto Mexicano de Ajedrez 2008"]
[Site "Aguascalientes"]
[Date "2008.03.18"]
[Round "8"]
[White "Capo Vidal, Uriel"]
[Black "Rojas Alarcon, Julian Antonio"]
[Result "1/2-1/2"]
[WhiteElo "2338"]
[BlackElo "2107"]
[PlyCount "59"]
[EventDate "2008.03.18"]
[EventType "swiss"]
[EventRounds "9"]
[EventCountry "MEX"]
[Source "lmi"]
[SourceDate "2008.03.18"]

1. d4 g6 2. c4 Bg7 3. e4 d6 4. Nc3 Nf6 5. f4 O-O 6. Nf3 Na6 7. e5 Nd7 8. Be2 c5
9. exd6 exd6 10. d5 Nc7 11. O-O b5 12. f5 bxc4 13. Bg5 Bf6 14. Qd2 Nb6 15. Bxf6
Qxf6 16. Ne4 Qxf5 17. Nxd6 Qxd5 18. Qf4 Ne6 19. Qg3 Nd4 20. Nxd4 Qxd4+ 21. Rf2
Be6 22. Rd1 Qg7 23. Ne4 Rac8 24. Nf6+ Kh8 25. Qd6 Na4 26. Rd2 c3 27. bxc3 Nxc3
28. Ba6 Rb8 29. Qxc5 Nxa2 30. Qxa7 1/2-1/2

[Event "Abierto Mexicano de Ajedrez 2008"]
[Site "Aguascalientes"]
[Date "2008.03.22"]
[Round "8"]
[White "Hernandez Guerrero, Gilberto"]
[Black "De La Paz Perdomo, Frank"]
[Result "0-1"]
[WhiteElo "2548"]
[BlackElo "2441"]
[PlyCount "103"]
[EventDate "2008.03.18"]
[EventType "swiss"]
[EventRounds "9"]
[EventCountry "MEX"]
[Source "lmi"]
[SourceDate "2008.03.18"]

1. e4 e5 2. Nf3 Nc6 3. Bc4 Bc5 4. c3 Nf6 5. d3 a6 6. Bb3 d6 7. O-O Ba7 8. Nbd2
O-O 9. h3 h6 10. Re1 Re8 11. Nf1 Be6 12. Bc2 d5 13. exd5 Qxd5 14. Be3 Bxe3 15.
fxe3 Rad8 16. d4 Qb5 17. Qb1 exd4 18. exd4 Bd5 19. Bd3 Qb6 20. N1d2 Rxe1+ 21.
Nxe1 Nxd4 22. cxd4 Qxd4+ 23. Kh1 Qe3 24. Ndf3 Bxf3 25. gxf3 Nh5 26. Qc2 Nf4 27.
Rd1 Nxd3 28. Nxd3 Qxf3+ 29. Kh2 Rd6 30. b4 h5 31. Nf2 Rxd1 32. Nxd1 Qf4+ 33.
Kg2 Qxb4 34. Qxc7 Qe4+ 35. Kf2 Qf5+ 36. Ke2 Qxh3 37. Ne3 Qe6 38. a4 Qa2+ 39.
Kf3 Qxa4 40. Qc8+ Kh7 41. Qf5+ Kh6 42. Qxf7 Qc6+ 43. Kf4 Qd6+ 44. Ke4 Qg6+ 45.
Nf5+ Kg5 46. Qd7 Qc6+ 47. Qxc6 bxc6 48. Nxg7 a5 49. Ne6+ Kg4 50. Nc5 h4 51. Ke3
Kg3 52. Ke4 0-1

[Event "Abierto Mexicano de Ajedrez 2008"]
[Site "Aguascalientes"]
[Date "2008.03.22"]
[Round "8"]
[White "Davalos Prieto, Abel Justo"]
[Black "Quezada Perez, Yuniesky"]
[Result "0-1"]
[WhiteElo "2269"]
[BlackElo "2546"]
[PlyCount "84"]
[EventDate "2008.03.18"]
[EventType "swiss"]
[EventRounds "9"]
[EventCountry "MEX"]
[Source "lmi"]
[SourceDate "2008.03.18"]

1. c4 e5 2. Nc3 Nf6 3. Nf3 Nc6 4. g3 Bb4 5. Nd5 e4 6. Nh4 O-O 7. Bg2 Re8 8. O-O
d6 9. d3 exd3 10. Qxd3 Nxd5 11. cxd5 Ne5 12. Qb3 Bc5 13. Nf3 Nxf3+ 14. Qxf3 Bd7
15. Bd2 Bd4 16. Bc3 Bxc3 17. bxc3 c5 18. dxc6 Bxc6 19. Qd3 Bxg2 20. Kxg2 Rc8
21. Rab1 b6 22. Rb4 Qf6 23. Rc1 Rc5 24. Rc2 d5 25. Rd4 Qc6 26. Qf3 g6 27. Rcd2
Re5 28. R2d3 Qe6 29. e3 Re4 30. Qd1 Re5 31. Qf3 Kg7 32. h4 h5 33. Qd1 Qc6 34.
f4 Rf5 35. Qd2 Ra5 36. Kf2 Qb5 37. Rb4 Qa6 38. Rb2 Qc8 39. Rd4 Rc5 40. Rc2 Qc6
41. e4 dxe4 42. Rd6 Rfd5 0-1

[Event "Abierto Mexicano de Ajedrez 2008"]
[Site "Aguascalientes"]
[Date "2008.03.22"]
[Round "8"]
[White "Georgiev, Vladimir"]
[Black "Morales Garcia, Sergio Joshafatt"]
[Result "1/2-1/2"]
[WhiteElo "2581"]
[BlackElo "2283"]
[PlyCount "122"]
[EventDate "2008.03.18"]
[EventType "swiss"]
[EventRounds "9"]
[EventCountry "MEX"]
[Source "lmi"]
[SourceDate "2008.03.18"]

1. d4 d5 2. c4 c6 3. Nf3 Nf6 4. Qb3 dxc4 5. Qxc4 Bf5 6. g3 e6 7. Bg2 Be7 8. O-O
O-O 9. Nc3 Nbd7 10. Qb3 Qb6 11. Re1 Qxb3 12. axb3 Ne4 13. Nh4 Bxh4 14. gxh4
Nef6 15. e4 Bg6 16. Bf4 Nb6 17. Ra5 Nh5 18. Bd6 Rfd8 19. Bc7 Rdc8 20. Bd6 Rd8
21. Be7 Rxd4 22. Bf3 f5 23. Bc5 Rdd8 24. Rxa7 Rxa7 25. Bxb6 Raa8 26. Bxd8 Rxd8
27. exf5 exf5 28. Re7 Rb8 29. Ne2 Kf8 30. Rc7 Nf6 31. b4 Bf7 32. b5 Bd5 33.
Bxd5 Nxd5 34. Rd7 Nf6 35. Rd3 cxb5 36. Nd4 g6 37. Rb3 Ke7 38. Rxb5 Kd7 39. Kg2
Kc7 40. Rc5+ Kd6 41. b4 Kd7 42. Rb5 Kc7 43. Ne6+ Kc6 44. Nd4+ Kc7 45. Rc5+ Kd7
46. Kf3 Rc8 47. Rb5 Rc4 48. Ke3 Rxb4 49. Ra5 Ng4+ 50. Kd3 Nxf2+ 51. Kc3 Rb1 52.
Ra8 Ne4+ 53. Kd3 Rb2 54. Rh8 Nf6 55. h5 gxh5 56. h4 f4 57. Rf8 Ke7 58. Rc8 Kd7
59. Rf8 Ke7 60. Rc8 Kd6 61. Rf8 Ke7 1/2-1/2

[Event "Abierto Mexicano de Ajedrez 2008"]
[Site "Aguascalientes"]
[Date "2008.03.22"]
[Round "8"]
[White "Dominguez Aguilar, Guillermo"]
[Black "Lares, Manuel"]
[Result "1-0"]
[WhiteElo "2400"]
[BlackElo "2268"]
[PlyCount "77"]
[EventDate "2008.03.18"]
[EventType "swiss"]
[EventRounds "9"]
[EventCountry "MEX"]
[Source "lmi"]
[SourceDate "2008.03.18"]

1. e4 c5 2. Nf3 d6 3. d4 cxd4 4. Nxd4 Nf6 5. Nc3 a6 6. Be3 e5 7. Nb3 Be6 8. f3
Be7 9. Qd2 Nbd7 10. g4 Nb6 11. g5 Nfd7 12. O-O-O Qc7 13. Kb1 Nc4 14. Bxc4 Qxc4
15. Rhg1 a5 16. Qd3 Qc6 17. Nd5 Bd8 18. h4 Rc8 19. Rg2 b5 20. Nc1 b4 21. h5 O-O
22. Rgd2 Qb7 23. Qe2 Nc5 24. Qg2 Kh8 25. f4 Na4 26. Nb3 Nc3+ 27. bxc3 bxc3 28.
Rd3 a4 29. h6 g6 30. fxe5 Bxd5 31. exd5 axb3 32. axb3 dxe5 33. Qg3 f6 34. Bf2
Qb4 35. Be1 Ba5 36. gxf6 e4 37. Re3 Kg8 38. Qe5 Rce8 39. f7+ 1-0

[Event "Abierto Mexicano de Ajedrez 2008"]
[Site "Aguascalientes"]
[Date "2008.03.22"]
[Round "8"]
[White "Ibarra Chami, Luis Fernando"]
[Black "Duarte Barahona, Raul Alejandro"]
[Result "1/2-1/2"]
[WhiteElo "2364"]
[BlackElo "2183"]
[PlyCount "95"]
[EventDate "2008.03.18"]
[EventType "swiss"]
[EventRounds "9"]
[EventCountry "MEX"]
[Source "lmi"]
[SourceDate "2008.03.18"]

1. e4 c5 2. Nc3 e6 3. Nf3 a6 4. d4 cxd4 5. Nxd4 b5 6. Be3 Bb7 7. f3 d6 8. Be2
Nf6 9. O-O Nbd7 10. a3 Be7 11. Qe1 O-O 12. Qf2 d5 13. exd5 Nxd5 14. Nxd5 Bxd5
15. Rad1 Qc7 16. c3 Nf6 17. Rd2 Bb7 18. Nb3 Nd5 19. Kh1 Nxe3 20. Qxe3 Rad8 21.
Rfd1 Rxd2 22. Rxd2 Rd8 23. Rxd8+ Qxd8 24. Bd3 g6 25. Qd4 Qxd4 26. Nxd4 e5 27.
Ne2 f5 28. Kg1 Kf7 29. Kf2 Ke6 30. Bc2 Bc5+ 31. Ke1 Be3 32. Kd1 e4 33. fxe4
fxe4 34. a4 Ke5 35. axb5 axb5 36. Bb3 Bd5 37. Bxd5 Kxd5 38. Kc2 Bc5 39. b3 Be3
40. Kd1 Ke5 41. Nc1 Bg1 42. h3 Be3 43. Ne2 h5 44. Ke1 Bb6 45. Kd2 Bf2 46. Nc1
g5 47. Ne2 g4 48. Ng1 1/2-1/2